00658nam a2200169 a 450000100100000000500170001000800410002704000250006810000380009324500640013126000410019530000350023650000210027150000740029295201050036699900170047100003679120200930075934.0120201s1967 xxu 001 0 spa d aDO-SdBNPbspacBNPHU1 aAdams, Henry Hitch,d1917-96313010a1942 :bthe year that doomed the axis /cby Henry H. Adams. aNew York :bD. McKay Company,c1967. a522 p. :bil., mapas ;c23 cm. aIncluye índice aIncluye referencias bibliográficas y notas al pie de las págianas 001050718MOaGRbGRcCTd2012-02-01iLF1l0o p36791-10r2020-06-25w2020-06-25y1ZNo se presta c36282d36282